MARC details
| 000 -LEADER |
| fixed length control field |
02391cam a2200541 a 4500 |
| 001 - CONTROL NUMBER |
| control field |
bubblesvoidsbump00corn |
| 003 - CONTROL NUMBER IDENTIFIER |
| control field |
CaSfIA |
| 005 - DATE AND TIME OF LATEST TRANSACTION |
| control field |
20230525154753.0 |
| 007 - PHYSICAL DESCRIPTION FIXED FIELD--GENERAL INFORMATION |
| fixed length control field |
cr|||| |
| 008 - FIXED-LENGTH DATA ELEMENTS--GENERAL INFORMATION |
| fixed length control field |
880427s1989 enka b 001 0 eng |
| 010 ## - LIBRARY OF CONGRESS CONTROL NUMBER |
| LC control number |
88015606 |
| 040 ## - CATALOGING SOURCE |
| Original cataloging agency |
DLC |
| Transcribing agency |
DLC |
| Modifying agency |
VVC |
| -- |
MUQ |
| -- |
UKM |
| -- |
NLGGC |
| -- |
BTCTA |
| -- |
YDXCP |
| -- |
BAKER |
| -- |
OCLCG |
| -- |
CaSfIA |
| 015 ## - NATIONAL BIBLIOGRAPHY NUMBER |
| National bibliography number |
GB92-51226 |
| 019 ## - |
| -- |
28335702 |
| 020 ## - INTERNATIONAL STANDARD BOOK NUMBER |
| International Standard Book Number |
0521352975 |
| 020 ## - INTERNATIONAL STANDARD BOOK NUMBER |
| International Standard Book Number |
9780521352970 |
| 020 ## - INTERNATIONAL STANDARD BOOK NUMBER |
| International Standard Book Number |
0521426731 (pbk) |
| 020 ## - INTERNATIONAL STANDARD BOOK NUMBER |
| International Standard Book Number |
9780521426732 (pbk) |
| 035 ## - SYSTEM CONTROL NUMBER |
| System control number |
(OCoLC)17983320 |
| Canceled/invalid control number |
(OCoLC)28335702 |
| 050 00 - LIBRARY OF CONGRESS CALL NUMBER |
| Classification number |
QB981 |
| Item number |
.B79 1989 |
| 082 00 - DEWEY DECIMAL CLASSIFICATION NUMBER |
| Classification number |
523.1 |
| Edition number |
19 |
| 084 ## - OTHER CLASSIFICATION NUMBER |
| Classification number |
39.30 |
| Number source |
bcl |
| 029 1# - OTHER SYSTEM CONTROL NUMBER (OCLC) |
| OCLC library identifier |
UKM |
| System control number |
b9251226 |
| 029 1# - OTHER SYSTEM CONTROL NUMBER (OCLC) |
| OCLC library identifier |
NLGGC |
| System control number |
046427562 |
| 029 1# - OTHER SYSTEM CONTROL NUMBER (OCLC) |
| OCLC library identifier |
YDXCP |
| System control number |
459361 |
| 029 1# - OTHER SYSTEM CONTROL NUMBER (OCLC) |
| OCLC library identifier |
NZ1 |
| System control number |
3464107 |
| 029 1# - OTHER SYSTEM CONTROL NUMBER (OCLC) |
| OCLC library identifier |
AU@ |
| System control number |
000005832642 |
| 245 00 - TITLE STATEMENT |
| Title |
Bubbles, voids, and bumps in time : |
| Medium |
[electronic resource] |
| Remainder of title |
the new cosmology / |
| Statement of responsibility, etc. |
edited by James Cornell. |
| 260 ## - PUBLICATION, DISTRIBUTION, ETC. |
| Place of publication, distribution, etc. |
Cambridge ; |
| -- |
New York : |
| Name of publisher, distributor, etc. |
Cambridge University Press, |
| Date of publication, distribution, etc. |
1989. |
| 300 ## - PHYSICAL DESCRIPTION |
| Extent |
xiii, 190 p. : |
| Other physical details |
ill. ; |
| Dimensions |
23 cm. |
| 500 ## - GENERAL NOTE |
| General note |
Lectures presented at the spring 1987 Lowell Institute series given in Boston and Washington, D.C. |
| 504 ## - BIBLIOGRAPHY, ETC. NOTE |
| Bibliography, etc. note |
Includes bibliographies and indexes. |
| 505 0# - FORMATTED CONTENTS NOTE |
| Formatted contents note |
Discovering the universe : an introduction / Alan P. Lightman -- Measuring the universe : redshifts and standard candles / Robert P. Kirshner -- Mapping the universe : slices and bubbles / Margaret J. Geller -- Weighing the universe : dark matter and missing mass / Vera C. Rubin -- Starting the universe : the bib gang and cosmic inflation / Alan H. Guth -- Expanding the universe : space telescope and beyond in the next twenty years / James E. Gunn. |
| 650 #0 - SUBJECT ADDED ENTRY--TOPICAL TERM |
| Topical term or geographic name entry element |
Cosmology. |
| 650 #0 - SUBJECT ADDED ENTRY--TOPICAL TERM |
| Topical term or geographic name entry element |
Astrophysics. |
| 653 0# - INDEX TERM--UNCONTROLLED |
| Uncontrolled term |
Universe |
| 650 #6 - SUBJECT ADDED ENTRY--TOPICAL TERM |
| Topical term or geographic name entry element |
Cosmologie. |
| 650 #6 - SUBJECT ADDED ENTRY--TOPICAL TERM |
| Topical term or geographic name entry element |
Astrophysique. |
| 650 17 - SUBJECT ADDED ENTRY--TOPICAL TERM |
| Topical term or geographic name entry element |
Kosmologie. |
| Source of heading or term |
gtt |
| 650 17 - SUBJECT ADDED ENTRY--TOPICAL TERM |
| Topical term or geographic name entry element |
Astrofysica. |
| Source of heading or term |
gtt |
| 650 17 - SUBJECT ADDED ENTRY--TOPICAL TERM |
| Topical term or geographic name entry element |
Ruimte (algemeen) |
| Source of heading or term |
gtt |
| 650 17 - SUBJECT ADDED ENTRY--TOPICAL TERM |
| Topical term or geographic name entry element |
Tijd. |
| Source of heading or term |
gtt |
| 700 1# - ADDED ENTRY--PERSONAL NAME |
| Personal name |
Cornell, James, |
| Dates associated with a name |
1938- |
| 856 42 - ELECTRONIC LOCATION AND ACCESS |
| Materials specified |
Publisher description |
| Uniform Resource Identifier |
<a href="http://www.loc.gov/catdir/description/cam041/88015606.html">http://www.loc.gov/catdir/description/cam041/88015606.html</a> |
| 856 41 - ELECTRONIC LOCATION AND ACCESS |
| Materials specified |
Table of contents |
| Uniform Resource Identifier |
<a href="http://www.loc.gov/catdir/toc/cam041/88015606.html">http://www.loc.gov/catdir/toc/cam041/88015606.html</a> |
| 856 41 - ELECTRONIC LOCATION AND ACCESS |
| Uniform Resource Identifier |
<a href="http://www.archive.org/details/bubblesvoidsbump00corn">http://www.archive.org/details/bubblesvoidsbump00corn</a> |
| Public note |
Free eBook from the Internet Archive |
| 856 42 - ELECTRONIC LOCATION AND ACCESS |
| Uniform Resource Identifier |
<a href="http://www.openlibrary.org/books/OL2039149M">http://www.openlibrary.org/books/OL2039149M</a> |
| Public note |
Additional information and access via Open Library |